[Event "NAYCC U08"]
[Site "Toronto CAN"]
[Date "2013.08.18"]
[Round "9"]
[White "Xu, Derrick"]
[Black "Makaveev, Martin"]
[Result "1-0"]
[WhiteElo "627"]
[BlackElo "836"]
[PlyCount "74"]
[GameId "2160767909250444"]
[EventDate "2013.08.14"]
[EventType "swiss"]
[EventRounds "9"]
[EventCountry "CAN"]
[SourceTitle "hb 2013"]

1. d4 d5 2. e3 e6 3. c3 Nc6 4. Bd3 Nf6 5. Nd2 Bd6 6. Ngf3 O-O 7. O-O Bd7 8. Qe2 h6 9. h3 a6 10. e4 Na5 11. e5 Bxe5 12. dxe5 Ne8 13. b4 Bb5 14. bxa5 Bxd3 15. Qxd3 b6 16. axb6 cxb6 17. Ba3 b5 18. Bxf8 Kxf8 19. Qh7 Nc7 20. Qh8+ Ke7 21. Qxg7 Qg8 22. Qxh6 Qg6 23. Qh4+ f6 24. exf6+ Qxf6 25. Qh7+ Qf7 26. Qh4+ Qf6 27. Qh7+ Qf7 28. Qxf7+ Kxf7 29. Ne5+ Kf6 30. Nd7+ Kg5 31. Nf3+ Kf4 32. Rfd1 Rd8 33. Rd4+ Kf5 34. Nh4+ Kg5 35. Ne5 Ne8 36. Nf7+ Kh5 37. Nxd8 Nf6 1-0

[Event "NAYCC U08"]
[Site "Toronto CAN"]
[Date "2013.08.18"]
[Round "9"]
[White "Xu, Sivan"]
[Black "Guo, Roger"]
[Result "1-0"]
[WhiteElo "694"]
[BlackElo "636"]
[PlyCount "52"]
[GameId "2160767909250445"]
[EventDate "2013.08.14"]
[EventType "swiss"]
[EventRounds "9"]
[EventCountry "CAN"]
[SourceTitle "hb 2013"]

1. e4 c5 2. Nf3 Nc6 3. Bc4 e6 4. Nc3 d6 5. d3 Nf6 6. Be3 Be7 7. O-O O-O 8. Qd2 Bd7 9. Bh6 gxh6 10. Qxh6 Ng4 11. Qh5 e5 12. h3 Nf6 13. Qg5+ Kh8 14. Nh4 Nxe4 15. Qh6 Bg5 16. Qh5 Be8 17. dxe4 f5 18. Qf3 f4 19. Nf5 Bg6 20. Be6 Qe8 21. Nb5 Bd8 22. Rad1 Nd4 23. Nfxd4 cxd4 24. c4 Be7 25. Nc7 Qd8 26. Nxa8 Qxa8 1-0

[Event "NAYCC U08 w"]
[Site "Toronto CAN"]
[Date "2013.08.14"]
[Round "1"]
[White "Atanasova, Rada"]
[Black "Minzak, Anna"]
[Result "1-0"]
[WhiteElo "565"]
[BlackElo "867"]
[PlyCount "35"]
[GameId "2160767909250446"]
[EventDate "2013.08.14"]
[EventType "swiss"]
[EventRounds "9"]
[EventCountry "CAN"]
[SourceTitle "hb 2013"]

1. e4 e5 2. Nf3 Nc6 3. Bb5 d6 4. d4 exd4 5. Nxd4 Nf6 6. Nxc6 bxc6 7. Bxc6+ Bd7 8. Bxa8 Qxa8 9. Qe2 Nxe4 10. f3 d5 11. fxe4 dxe4 12. Nc3 Bb4 13. Bd2 Bxc3 14. Bxc3 O-O 15. O-O Qc8 16. Qxe4 Re8 17. Qd4 Bg4 18. Qxg7# 1-0

[Event "NAYCC U08 w"]
[Site "Toronto CAN"]
[Date "2013.08.14"]
[Round "1"]
[White "Guo, Hazel"]
[Black "Yu, Larina R"]
[Result "1/2-1/2"]
[WhiteElo "961"]
[BlackElo "630"]
[PlyCount "105"]
[GameId "2160767909250447"]
[EventDate "2013.08.14"]
[EventType "swiss"]
[EventRounds "9"]
[EventCountry "CAN"]
[SourceTitle "EXT 2022"]
[Source "ChessBase"]
[SourceDate "2021.10.06"]
[SourceVersion "1"]
[SourceVersionDate "2021.10.06"]
[SourceQuality "1"]

1. e4 e5 2. Nc3 Nc6 3. f4 f6 4. Nf3 Bd6 5. Bc4 Bc5 6. a3 d6 7. b4 Bd4 8. Nxd4 Nxd4 9. f5 g6 10. O-O gxf5 11. Qh5+ Kd7 12. exf5 Ne7 13. Qf7 c6 14. Be6+ Kc7 15. Ra2 Bxe6 16. fxe6 Rc8 17. a4 Kb8 18. b5 cxb5 19. axb5 h6 20. Qxf6 h5 21. Ba3 Rf8 22. Qxf8 Qxf8 23. Rxf8 Rxf8 24. Bxd6+ Kc8 25. Bxe7 Rf5 26. h3 Nxe6 27. Rxa7 h4 28. Bxh4 Nd4 29. b6 Nxc2 30. Nd5 e4 31. Ne7+ Kd7 32. Nxf5 Kc6 33. Ra2 Nb4 34. Bd8 Nxa2 35. Kf2 Nb4 36. h4 Kd7 37. Bc7 Ke6 38. g4 Nd5 39. h5 Kf7 40. Nd6+ Kg7 41. Nxb7 Nxb6 42. Bxb6 Kh6 43. Nd6 Kg5 44. Nxe4+ Kh6 45. d4 Kg7 46. g5 Kh8 47. d5 Kg8 48. d6 Kf8 49. h6 Kf7 50. d7 Ke7 51. d8=Q+ Ke6 52. Qd6+ Kf5 53. Kf3 1/2-1/2

[Event "NAYCC U08 w"]
[Site "Toronto CAN"]
[Date "2013.08.14"]
[Round "1"]
[White "Hsu, Skylar"]
[Black "Gorti, Atmika"]
[Result "1-0"]
[WhiteElo "1210"]
[BlackElo "659"]
[PlyCount "45"]
[GameId "2160767909250448"]
[EventDate "2013.08.14"]
[EventType "swiss"]
[EventRounds "9"]
[EventCountry "CAN"]
[SourceTitle "hb 2013"]

1. e4 e5 2. Nf3 Nc6 3. Bc4 Bc5 4. c3 Nf6 5. d4 exd4 6. cxd4 Bb6 7. e5 Ng8 8. Ng5 d5 9. Bb5 Bd7 10. Bxc6 Bxc6 11. O-O Ne7 12. e6 f6 13. Nf7 Qc8 14. Nxh8 Qxe6 15. Re1 Qg8 16. Qe2 Qf8 17. Qh5+ g6 18. Qxh7 g5 19. Ng6 Qf7 20. Rxe7+ Kd8 21. Qxf7 Bxd4 22. Qf8+ Be8 23. Qxe8# 1-0

[Event "NAYCC U08 w"]
[Site "Toronto CAN"]
[Date "2013.08.14"]
[Round "1"]
[White "Radin, Claire"]
[Black "Sivapathasundaram, Nithusa"]
[Result "1-0"]
[WhiteElo "864"]
[BlackElo "533"]
[PlyCount "42"]
[GameId "2160767909250449"]
[EventDate "2013.08.14"]
[EventType "swiss"]
[EventRounds "9"]
[EventCountry "CAN"]
[SourceTitle "hb 2013"]

1. e4 e5 2. Nf3 Nc6 3. Bc4 Nf6 4. Ng5 Bb4 5. Nxf7 Qe7 6. Nxh8 d6 7. Nc3 Bg4 8. f3 Bh5 9. g4 Bf7 10. Nxf7 Qd7 11. a3 Bxc3 12. dxc3 h6 13. g5 Qh3 14. gxf6 Qh4+ 15. Kf1 Qh3+ 16. Ke2 Na5 17. fxg7 Nxc4 18. g8=Q+ Ke7 19. Qxa8 Kxf7 20. Qd5+ Qe6 21. Qf8+ Kg6 1-0

[Event "NAYCC U08 w"]
[Site "Toronto CAN"]
[Date "2013.08.14"]
[Round "1"]
[White "Radin, Paige"]
[Black "Gilani, Mysha"]
[Result "0-1"]
[WhiteElo "657"]
[BlackElo "1004"]
[PlyCount "120"]
[GameId "2160767909250450"]
[EventDate "2013.08.14"]
[EventType "swiss"]
[EventRounds "9"]
[EventCountry "CAN"]
[SourceTitle "hb 2013"]

1. e4 e5 2. Nf3 Nc6 3. Nc3 Nf6 4. Bc4 Bc5 5. d3 d6 6. Bd2 Bg4 7. h3 Bxf3 8. Qxf3 Nd4 9. Qd1 c6 10. Be3 d5 11. exd5 cxd5 12. Bxd4 exd4 13. Bb5+ Kf8 14. Ne2 Qa5+ 15. Qd2 Qxb5 16. O-O-O Bb4 17. Qf4 Bc5 18. Nxd4 Qb4 19. c3 Qb6 20. Rde1 Bxd4 21. Qxd4 Qxd4 22. cxd4 Rc8+ 23. Kb1 Re8 24. Rc1 Nh5 25. Rc2 Nf4 26. g3 Nxd3 27. Rd1 Nb4 28. Rc3 b6 29. a3 Na6 30. Rdc1 g6 31. Rc8 Rxc8 32. Rxc8+ Kg7 33. Rxh8 Kxh8 34. b4 Nc7 35. a4 Ne6 36. h4 Nxd4 37. a5 bxa5 38. bxa5 Nc6 39. a6 Nb4 40. g4 Nxa6 41. h5 gxh5 42. gxh5 Kg7 43. f4 Kh6 44. f5 Kxh5 45. f6 Kg6 46. Kc2 Kxf6 47. Kc3 Kg5 48. Kd4 h5 49. Kxd5 h4 50. Kc6 h3 51. Kb7 Nc5+ 52. Kxa7 h2 53. Kb6 Ne4 54. Kc6 h1=Q 55. Kd5 Nd2+ 56. Ke5 Qe4+ 57. Kd6 Qd3+ 58. Kc7 Qc4+ 59. Kb8 Qb3+ 60. Ka8 Qa4+ 0-1

[Event "NAYCC U08 w"]
[Site "Toronto CAN"]
[Date "2013.08.14"]
[Round "1"]
[White "Shen, Isamel"]
[Black "Matus, Nastassja"]
[Result "0-1"]
[WhiteElo "725"]
[BlackElo "1352"]
[PlyCount "56"]
[GameId "2160767909250451"]
[EventDate "2013.08.14"]
[EventType "swiss"]
[EventRounds "9"]
[EventCountry "CAN"]
[SourceTitle "EXT 2022"]
[Source "ChessBase"]
[SourceDate "2021.10.06"]
[SourceVersion "1"]
[SourceVersionDate "2021.10.06"]
[SourceQuality "1"]

1. e4 c5 2. Nf3 Nc6 3. Bb5 Qc7 4. Nc3 a6 5. Bxc6 bxc6 6. d3 e6 7. O-O Ne7 8. g3 Ng6 9. Qe2 Be7 10. Be3 O-O 11. Rae1 d5 12. Rd1 d4 13. Bd2 dxc3 14. Bxc3 Bb7 15. d4 cxd4 16. Rxd4 c5 17. Rc4 a5 18. Bd4 Ba6 19. Rc3 Bxe2 20. Re1 Bxf3 21. Rxf3 cxd4 22. Rd1 Qxc2 23. Rxd4 Qxb2 24. Ra4 Qc2 25. Rb3 Bb4 26. f3 Rad8 27. Re3 Rd1+ 28. Re1 Rxe1# 0-1

[Event "NAYCC U08 w"]
[Site "Toronto CAN"]
[Date "2013.08.14"]
[Round "1"]
[White "Zhu, Harmony"]
[Black "Schlaak, Alexis J"]
[Result "1-0"]
[WhiteElo "1631"]
[BlackElo "863"]
[PlyCount "87"]
[GameId "2160767909250452"]
[EventDate "2013.08.14"]
[EventType "swiss"]
[EventRounds "9"]
[EventCountry "CAN"]
[SourceTitle "EXT 2022"]
[Source "ChessBase"]
[SourceDate "2021.10.06"]
[SourceVersion "1"]
[SourceVersionDate "2021.10.06"]
[SourceQuality "1"]

1. d4 d5 2. c4 Nf6 3. cxd5 Nxd5 4. e4 Nf6 5. Nc3 b6 6. Nf3 Bb7 7. Qc2 e6 8. Bd3 Bb4 9. Qa4+ Nc6 10. Bb5 O-O 11. Bxc6 Bxc6 12. Qxc6 h6 13. O-O Qe7 14. Bf4 Rfc8 15. Nb5 Ne8 16. a3 Ba5 17. b4 Bxb4 18. axb4 Qxb4 19. Rfb1 Qe7 20. Nxc7 Rab8 21. Rxa7 Qf6 22. Bg3 Qg6 23. h3 Nf6 24. Ne5 Qg5 25. Nd7 Nxd7 26. Qxd7 Rd8 27. Qa4 Qd2 28. Rd1 Qc3 29. Nb5 Qb2 30. Bxb8 Rxb8 31. Ra8 Rxa8 32. Qxa8+ Kh7 33. Qc6 Qb3 34. Ra1 Qb2 35. Ra7 Qb1+ 36. Kh2 Qf1 37. Rxf7 Kg8 38. Qxe6 Qxb5 39. Rf5+ Kh7 40. Rxb5 Kh8 41. Rxb6 Kh7 42. Qf5+ g6 43. Qf7+ Kh8 44. Rb8# 1-0

[Event "NAYCC U08 w"]
[Site "Toronto CAN"]
[Date "2013.08.15"]
[Round "2"]
[White "Atanasova, Rada"]
[Black "Hsu, Skylar"]
[Result "0-1"]
[WhiteElo "565"]
[BlackElo "1210"]
[PlyCount "52"]
[GameId "2160767909250453"]
[EventDate "2013.08.14"]
[EventType "swiss"]
[EventRounds "9"]
[EventCountry "CAN"]
[SourceTitle "EXT 2022"]
[Source "ChessBase"]
[SourceDate "2021.10.06"]
[SourceVersion "1"]
[SourceVersionDate "2021.10.06"]
[SourceQuality "1"]

1. e4 e5 2. Nf3 Nc6 3. Bb5 Bc5 4. c3 Nf6 5. d4 exd4 6. cxd4 Bb4+ 7. Bd2 Bxd2+ 8. Qxd2 O-O 9. Nc3 Re8 10. Qe2 d6 11. d5 a6 12. dxc6 axb5 13. cxb7 Bxb7 14. O-O Nxe4 15. Nxe4 Bxe4 16. Qxb5 Bxf3 17. gxf3 Rb8 18. Qd3 Qg5+ 19. Kh1 Re6 20. Qc3 c5 21. Rg1 Qh6 22. a4 g6 23. Rge1 Rb4 24. Rxe6 fxe6 25. a5 Rh4 26. Rg1 Rxh2# 0-1

[Event "NAYCC U08 w"]
[Site "Toronto CAN"]
[Date "2013.08.15"]
[Round "2"]
[White "Gilani, Mysha"]
[Black "Zhu, Harmony"]
[Result "0-1"]
[WhiteElo "1004"]
[BlackElo "1631"]
[PlyCount "104"]
[GameId "2160767909250454"]
[EventDate "2013.08.14"]
[EventType "swiss"]
[EventRounds "9"]
[EventCountry "CAN"]
[SourceTitle "EXT 2022"]
[Source "ChessBase"]
[SourceDate "2021.10.06"]
[SourceVersion "1"]
[SourceVersionDate "2021.10.06"]
[SourceQuality "1"]

1. e4 c5 2. Nf3 Nc6 3. Bc4 e6 4. Nc3 a6 5. d4 cxd4 6. Nxd4 Qc7 7. b3 Nf6 8. Nxc6 bxc6 9. Bb2 d5 10. exd5 cxd5 11. Bd3 Bb4 12. O-O Bxc3 13. Bxc3 Qxc3 14. Qf3 Qc7 15. c4 O-O 16. Qg3 Qxg3 17. fxg3 Bd7 18. Rae1 Rfe8 19. a4 Rab8 20. Rb1 dxc4 21. Bxc4 a5 22. Rbd1 Red8 23. Rd3 Bc6 24. Rdd1 Ne4 25. Rfe1 Nd2 26. Re3 Nf3+ 27. gxf3 Rxd1+ 28. Kf2 Rd2+ 29. Kg1 Bd5 30. Bxd5 exd5 31. Re1 g6 32. Rb1 d4 33. h4 Rd3 34. Kf2 Rbxb3 35. Rc1 Rdc3 36. Rd1 Rb2+ 37. Kf1 d3 38. Ke1 d2+ 39. Rxd2 Rxd2 40. Kxd2 Ra3 41. Ke2 Rxa4 42. Kd2 Rc4 43. Kd3 Rc8 44. Kd4 a4 45. Ke3 a3 46. f4 a2 47. Ke4 a1=Q 48. Ke3 Re8+ 49. Kd3 Qd1+ 50. Kc4 Rc8+ 51. Kb4 Qb1+ 52. Ka4 Ra8# 0-1

[Event "NAYCC U08 w"]
[Site "Toronto CAN"]
[Date "2013.08.15"]
[Round "2"]
[White "Gorti, Atmika"]
[Black "Shen, Isamel"]
[Result "1-0"]
[WhiteElo "659"]
[BlackElo "725"]
[PlyCount "67"]
[GameId "2160767909250455"]
[EventDate "2013.08.14"]
[EventType "swiss"]
[EventRounds "9"]
[EventCountry "CAN"]
[SourceTitle "EXT 2022"]
[Source "ChessBase"]
[SourceDate "2021.10.06"]
[SourceVersion "1"]
[SourceVersionDate "2021.10.06"]
[SourceQuality "1"]

1. e4 e5 2. Nf3 Nc6 3. Bb5 Nf6 4. Nc3 Bb4 5. d3 Bxc3+ 6. bxc3 O-O 7. Bg5 d6 8. O-O h6 9. Bh4 Bg4 10. Re1 Qe7 11. h3 Bh5 12. d4 exd4 13. cxd4 Bg6 14. d5 Ne5 15. Bd3 Nxd3 16. Qxd3 Bxe4 17. Rxe4 Nxe4 18. Bxe7 Nc5 19. Qc3 Ne4 20. Qe1 Nc5 21. Bxf8 Kxf8 22. Qe2 Re8 23. Qc4 Re4 24. Qf1 c6 25. dxc6 bxc6 26. Re1 Rc4 27. Qxc4 a5 28. Ne5 Ne6 29. Nxc6 Nc7 30. Nxa5 Ne8 31. Qc8 Kg8 32. Rxe8+ Kh7 33. Qf5+ g6 34. Qxf7# 1-0

[Event "NAYCC U08 w"]
[Site "Toronto CAN"]
[Date "2013.08.15"]
[Round "2"]
[White "Schlaak, Alexis J"]
[Black "Radin, Paige"]
[Result "1-0"]
[WhiteElo "863"]
[BlackElo "657"]
[PlyCount "35"]
[GameId "2160767909250457"]
[EventDate "2013.08.14"]
[EventType "swiss"]
[EventRounds "9"]
[EventCountry "CAN"]
[SourceTitle "EXT 2022"]
[Source "ChessBase"]
[SourceDate "2021.10.06"]
[SourceVersion "1"]
[SourceVersionDate "2021.10.06"]
[SourceQuality "1"]

1. e4 e5 2. Nf3 Nc6 3. Bc4 Nf6 4. d3 d6 5. Nc3 Be6 6. Bxe6 fxe6 7. Bg5 Qd7 8. O-O O-O-O 9. Qd2 h6 10. Bxf6 gxf6 11. h3 h5 12. Nb5 Bh6 13. Qc3 a6 14. Na3 Nd4 15. Nxd4 exd4 16. Qxd4 e5 17. Qa7 Rhg8 18. Qa8# 1-0

[Event "NAYCC U08 w"]
[Site "Toronto CAN"]
[Date "2013.08.15"]
[Round "2"]
[White "Sivapathasundaram, Nithusa"]
[Black "Levkov, Sabina"]
[Result "0-1"]
[WhiteElo "533"]
[BlackElo "451"]
[PlyCount "42"]
[GameId "2160767909250458"]
[EventDate "2013.08.14"]
[EventType "swiss"]
[EventRounds "9"]
[EventCountry "CAN"]
[SourceTitle "EXT 2022"]
[Source "ChessBase"]
[SourceDate "2021.10.06"]
[SourceVersion "1"]
[SourceVersionDate "2021.10.06"]
[SourceQuality "1"]

1. e4 e5 2. d4 Nc6 3. c3 Nf6 4. c4 Nxe4 5. Bg5 Qxg5 6. Nf3 Qf6 7. Bd3 Ng5 8. d5 Nd4 9. Nxd4 exd4 10. Na3 Bxa3 11. bxa3 d6 12. Rc1 Bf5 13. Bxf5 Qxf5 14. Rc2 O-O 15. Re2 Rae8 16. Rxe8 Rxe8+ 17. Kf1 c6 18. g3 cxd5 19. Kg2 dxc4 20. Qxd4 Qf3+ 21. Kf1 Qxh1# 0-1

[Event "NAYCC U08 w"]
[Site "Toronto CAN"]
[Date "2013.08.15"]
[Round "2"]
[White "Yu, Larina R"]
[Black "Minzak, Anna"]
[Result "1-0"]
[WhiteElo "630"]
[BlackElo "667"]
[PlyCount "77"]
[GameId "2160767909250459"]
[EventDate "2013.08.14"]
[EventType "swiss"]
[EventRounds "9"]
[EventCountry "CAN"]
[SourceTitle "EXT 2022"]
[Source "ChessBase"]
[SourceDate "2021.10.06"]
[SourceVersion "1"]
[SourceVersionDate "2021.10.06"]
[SourceQuality "1"]

1. e4 e5 2. Bc4 Nf6 3. Nc3 Bc5 4. Nf3 Nc6 5. d3 d6 6. Be3 Bb6 7. O-O O-O 8. Nh4 Bg4 9. Qd2 Ba5 10. f3 Be6 11. Qf2 Qd7 12. h3 Bxc3 13. bxc3 Bxc4 14. dxc4 Qe6 15. c5 dxc5 16. Bxc5 b6 17. Bxf8 Rxf8 18. Nf5 g6 19. Nh6+ Kg7 20. Qh4 Qe7 21. f4 Nd5 22. Qg3 Nxc3 23. Nf5+ Kf6 24. Nxe7 Kxe7 25. Qxc3 exf4 26. Rxf4 g5 27. Rg4 f6 28. Qxc6 h5 29. Qxc7+ Ke6 30. Rg3 h4 31. Rd3 Ra8 32. Re1 f5 33. exf5+ Kxf5 34. Qe5+ Kg6 35. Rd6+ Kf7 36. Qe7+ Kg8 37. Red1 a5 38. Rd8+ Rxd8 39. Rxd8# 1-0

[Event "NAYCC U08 w"]
[Site "Toronto CAN"]
[Date "2013.08.15"]
[Round "2"]
[White "Zhang, Wendy"]
[Black "Guo, Hazel"]
[Result "0-1"]
[WhiteElo "366"]
[BlackElo "961"]
[PlyCount "42"]
[GameId "2160767909250460"]
[EventDate "2013.08.14"]
[EventType "swiss"]
[EventRounds "9"]
[EventCountry "CAN"]
[SourceTitle "EXT 2022"]
[Source "ChessBase"]
[SourceDate "2021.10.06"]
[SourceVersion "1"]
[SourceVersionDate "2021.10.06"]
[SourceQuality "1"]

1. e4 c5 2. Nf3 d6 3. d4 cxd4 4. Nxd4 Nf6 5. Bb5+ Bd7 6. Bc4 Nxe4 7. Qf3 Nf6 8. O-O Bg4 9. Qf4 e5 10. Qg5 exd4 11. Re1+ Kd7 12. Bb5+ Nc6 13. Qf4 Kc7 14. h3 Be6 15. Qf3 d5 16. Qf4+ Bd6 17. Qf3 Rc8 18. Bd2 Kb8 19. Qb3 Qb6 20. Ba5 Qxa5 21. Bxc6 Qxe1# 0-1

[Event "NAYCC U08 w"]
[Site "Toronto CAN"]
[Date "2013.08.15"]
[Round "3"]
[White "Gilani, Mysha"]
[Black "Atanasova, Rada"]
[Result "1-0"]
[WhiteElo "1004"]
[BlackElo "565"]
[PlyCount "42"]
[GameId "2160767739919888"]
[EventDate "2013.08.14"]
[EventType "swiss"]
[EventRounds "9"]
[EventCountry "CAN"]
[SourceTitle "EXT 2022"]
[Source "ChessBase"]
[SourceDate "2021.10.06"]
[SourceVersion "1"]
[SourceVersionDate "2021.10.06"]
[SourceQuality "1"]

1. e4 e5 2. Nf3 Nc6 3. Bc4 Nd4 4. Nxd4 exd4 5. d3 h6 6. c3 Bc5 7. Qb3 Qe7 8. O-O Nf6 9. f4 Ng4 10. Qc2 Qh4 11. g3 dxc3+ 12. Kh1 Qh3 13. Qg2 Qxg2+ 14. Kxg2 Ne3+ 15. Bxe3 cxb2 16. Nc3 bxa1=Q 17. Rxa1 Bxe3 18. Nd5 Bb6 19. a4 a5 20. Rb1 O-O 21. Nxb6 cxb6 {...} 1-0

[Event "NAYCC U08 w"]
[Site "Toronto CAN"]
[Date "2013.08.15"]
[Round "3"]
[White "Gorti, Atmika"]
[Black "Zhang, Wendy"]
[Result "1-0"]
[WhiteElo "659"]
[BlackElo "366"]
[PlyCount "37"]
[GameId "2160767909250461"]
[EventDate "2013.08.14"]
[EventType "swiss"]
[EventRounds "9"]
[EventCountry "CAN"]
[SourceTitle "EXT 2022"]
[Source "ChessBase"]
[SourceDate "2021.10.06"]
[SourceVersion "1"]
[SourceVersionDate "2021.10.06"]
[SourceQuality "1"]

1. e4 e5 2. Nf3 Nc6 3. Bb5 a6 4. Ba4 b5 5. Bb3 Nf6 6. Nc3 Bc5 7. d3 O-O 8. Bg5 h6 9. Bh4 Qe7 10. Nd5 Qd6 11. Nxf6+ Kh8 12. Nd5 Bb4+ 13. Nxb4 Nxb4 14. O-O Qg6 15. Nxe5 Qh5 16. Qxh5 g6 17. Qxh6+ Kg8 18. Qxg6+ Kh8 19. Bf6# 1-0

[Event "NAYCC U08 w"]
[Site "Toronto CAN"]
[Date "2013.08.15"]
[Round "3"]
[White "Guo, Hazel"]
[Black "Matus, Nastassja"]
[Result "1-0"]
[WhiteElo "961"]
[BlackElo "1352"]
[PlyCount "125"]
[GameId "2160767909250462"]
[EventDate "2013.08.14"]
[EventType "swiss"]
[EventRounds "9"]
[EventCountry "CAN"]
[SourceTitle "EXT 2022"]
[Source "ChessBase"]
[SourceDate "2021.10.06"]
[SourceVersion "1"]
[SourceVersionDate "2021.10.06"]
[SourceQuality "1"]

1. e4 c5 2. Nc3 Nc6 3. f4 d6 4. Nf3 Nf6 5. Bc4 e6 6. O-O Be7 7. d3 O-O 8. Qe1 a6 9. a4 Re8 10. Qg3 Qc7 11. f5 exf5 12. Ng5 Ne5 13. Bb3 b6 14. Bf4 Nh5 15. Qf2 h6 16. Bxe5 Bxg5 17. Bg3 Qd8 18. h3 Nxg3 19. Qxg3 f4 20. Qf3 Bb7 21. Bd5 Qd7 22. Bxb7 Qxb7 23. Nd5 Rac8 24. b3 Rf8 25. Nxf4 Bxf4 26. Qxf4 d5 27. exd5 Qxd5 28. Kh2 Rce8 29. Rae1 Qd7 30. c3 Rxe1 31. Rxe1 Qxd3 32. Qc4 Qxc4 33. bxc4 Rd8 34. Re7 b5 35. axb5 axb5 36. cxb5 Rb8 37. c4 f6 38. Rc7 Kf8 39. Rxc5 g6 40. Rc6 Ke7 41. b6 Kf7 42. c5 Ke7 43. Rc7+ Ke6 44. b7 h5 45. c6 g5 46. Rc8 Kd6 47. Rxb8 Kxc6 48. Rd8 Kxb7 49. Kg3 Kc7 50. Rf8 Kd6 51. Rxf6+ Ke5 52. Rh6 Kf5 53. Rxh5 Kf6 54. Kg4 Kf7 55. Rxg5 Kf8 56. h4 Kf7 57. h5 Kf6 58. h6 Kf7 59. h7 Ke7 60. h8=Q Kd7 61. Qh6 Kc7 62. Rg7+ Kc8 63. Qh8# 1-0

[Event "NAYCC U08 w"]
[Site "Toronto CAN"]
[Date "2013.08.15"]
[Round "3"]
[White "Levkov, Sabina"]
[Black "Schlaak, Alexis J"]
[Result "0-1"]
[WhiteElo "451"]
[BlackElo "863"]
[PlyCount "64"]
[GameId "2160767909250463"]
[EventDate "2013.08.14"]
[EventType "swiss"]
[EventRounds "9"]
[EventCountry "CAN"]
[SourceTitle "EXT 2022"]
[Source "ChessBase"]
[SourceDate "2021.10.06"]
[SourceVersion "1"]
[SourceVersionDate "2021.10.06"]
[SourceQuality "1"]

1. e4 e5 2. Nf3 Nc6 3. Nc3 Nf6 4. d4 d6 5. d5 Nb4 6. Bg5 Be7 7. Bb5+ Bd7 8. Bxd7+ Qxd7 9. Bxf6 Bxf6 10. O-O O-O 11. a3 Na6 12. Qd3 Nc5 13. Qe3 Qg4 14. h3 Qh5 15. b4 Nd7 16. Nb5 c6 17. Nxd6 Rad8 18. Nxb7 Rb8 19. Nc5 Nxc5 20. Qxc5 cxd5 21. exd5 e4 22. Nd4 Rbc8 23. Qxa7 Rc4 24. Rad1 Qxd5 25. c3 Rxc3 26. a4 Rc4 27. Nb5 Qe5 28. Qa5 h6 29. Rd2 Rfc8 30. Rfd1 Rc1 31. Rxc1 Rxc1+ 32. Rd1 Rxd1# 0-1

[Event "NAYCC U08 w"]
[Site "Toronto CAN"]
[Date "2013.08.15"]
[Round "3"]
[White "Minzak, Anna"]
[Black "Radin, Paige"]
[Result "0-1"]
[WhiteElo "867"]
[BlackElo "657"]
[PlyCount "44"]
[GameId "2160767909250464"]
[EventDate "2013.08.14"]
[EventType "swiss"]
[EventRounds "9"]
[EventCountry "CAN"]
[SourceTitle "EXT 2022"]
[Source "ChessBase"]
[SourceDate "2021.10.06"]
[SourceVersion "1"]
[SourceVersionDate "2021.10.06"]
[SourceQuality "1"]

1. e4 e5 2. Nf3 Nc6 3. Bc4 Nf6 4. O-O Bc5 5. Nc3 d6 6. d3 Bg4 7. h3 Bxf3 8. Qxf3 Qd7 9. Bg5 O-O-O 10. Nd5 Nd4 11. Nxf6 gxf6 12. Qxf6 Rdf8 13. c3 Ne2+ 14. Kh1 Rhg8 15. Rae1 Rg6 16. Qf3 Rxg5 17. Qxe2 Rfg8 18. d4 exd4 19. cxd4 d5 20. dxc5 dxc4 21. Qxc4 Rxg2 22. Rg1 Qxh3# 0-1

[Event "NAYCC U08 w"]
[Site "Toronto CAN"]
[Date "2013.08.15"]
[Round "3"]
[White "Radin, Claire"]
[Black "Yu, Larina R"]
[Result "1-0"]
[WhiteElo "864"]
[BlackElo "630"]
[PlyCount "115"]
[GameId "2160767909250465"]
[EventDate "2013.08.14"]
[EventType "swiss"]
[EventRounds "9"]
[EventCountry "CAN"]
[SourceTitle "EXT 2022"]
[Source "ChessBase"]
[SourceDate "2021.10.06"]
[SourceVersion "1"]
[SourceVersionDate "2021.10.06"]
[SourceQuality "1"]

1. e4 e5 2. Nf3 Nc6 3. Bc4 Bc5 4. O-O Nf6 5. Nc3 O-O 6. d3 d6 7. Bg5 Be6 8. Nd5 Bxd5 9. Bxd5 Qe7 10. a3 Nd4 11. Nxd4 Bxd4 12. c3 Bb6 13. d4 c6 14. Bc4 exd4 15. cxd4 d5 16. exd5 cxd5 17. Bxd5 Qd6 18. Bxf6 Qxf6 19. b4 Bxd4 20. Rc1 Bb2 21. Rc7 b6 22. Bxa8 Rxa8 23. g3 Bxa3 24. Qb3 Bb2 25. Rc2 Bd4 26. Qc4 h6 27. Rd1 Rd8 28. Kg2 Qe5 29. Re2 Qf6 30. Rde1 Kh7 31. Qd3+ g6 32. Qe4 h5 33. Qe7 Qc6+ 34. f3 Bc3 35. Qxd8 Bxe1 36. Rxe1 Qc2+ 37. Kg1 Qc3 38. Re7 Qg7 39. Qe8 Qd4+ 40. Kg2 Qb2+ 41. Kh3 Kh6 42. Qf8+ Qg7 43. Qxg7+ Kxg7 44. Rxa7 g5 45. Rb7 Kg6 46. Rxb6+ Kf5 47. Rb5+ Kg6 48. Rc5 f6 49. b5 Kh6 50. b6 h4 51. Kg4 hxg3 52. hxg3 f5+ 53. Rxf5 Kg6 54. b7 Kh6 55. b8=Q Kg6 56. Qd6+ Kh7 57. Rf7+ Kg8 58. Qf8# 1-0

[Event "NAYCC U08 w"]
[Site "Toronto CAN"]
[Date "2013.08.15"]
[Round "3"]
[White "Shen, Isamel"]
[Black "Sivapathasundaram, Nithusa"]
[Result "1-0"]
[WhiteElo "725"]
[BlackElo "533"]
[PlyCount "53"]
[GameId "2160767909250466"]
[EventDate "2013.08.14"]
[EventType "swiss"]
[EventRounds "9"]
[EventCountry "CAN"]
[SourceTitle "EXT 2022"]
[Source "ChessBase"]
[SourceDate "2021.10.06"]
[SourceVersion "1"]
[SourceVersionDate "2021.10.06"]
[SourceQuality "1"]

1. e4 e5 2. Nf3 Nc6 3. Bb5 d6 4. Bxc6+ bxc6 5. Nc3 Nf6 6. d3 Be7 7. O-O O-O 8. Bg5 Rb8 9. Qe2 Rxb2 10. Rae1 Qd7 11. Na4 Rb3 12. cxb3 Ba6 13. Bxf6 Bxf6 14. Nc3 Qc8 15. Rb1 Rd8 16. b4 Qb7 17. Rb2 Rb8 18. Rfb1 Bxd3 19. Qxd3 Qc8 20. b5 cxb5 21. Nxb5 Qa6 22. Nd2 Rxb5 23. Rxb5 c6 24. Qc4 cxb5 25. Rxb5 Bg5 26. Rb8+ Bd8 27. Rxd8# 1-0